[Event "African Online-ch Women 2021"]
[Site "Online"]
[Date "2021.02.01"]
[Round "6.2"]
[White "Charinda, Kudzanayi"]
[Black "McPherson, Naleli"]
[Result "1-0"]
[WhiteElo "1710"]
[BlackElo "1303"]
[Annotator "NA RC"]
[PlyCount "152"]
[EventDate "2021.02.01"]
[EventType "swiss"]
[EventCountry "NET"]
[SourceTitle "playchess.com"]
[Source "ChessBase"]
[SourceQuality "1"]
[TimeControl "1500+10"]

1. e4 {[%emt 0:00:00]} e5 {[%emt 0:00:17]} 2. Nf3 {[%emt 0:00:06]} d6 {[%emt 0:00:11]} 3. Nc3 {[%emt 0:00:15]} c5 {[%emt 0:00:25]} 4. Bc4 {[%emt 0:01:05]} Be7 {[%emt 0:00:15]} 5. O-O {[%emt 0:00:25]} Nf6 {[%emt 0:00:14]} 6. Re1 {[%emt 0:00:17]} O-O {[%emt 0:00:20]} 7. Nd5 {[%emt 0:00:35]} Nxd5 {[%emt 0:00:30]} 8. Bxd5 {[%emt 0:00:04]} Nc6 {[%emt 0:00:20]} 9. c3 {[%emt 0:00:15]} Bg4 {[%emt 0:00:37]} 10. h3 {[%emt 0:00:06]} Bh5 {[%emt 0:00:25]} 11. Bc4 {[%emt 0:00:39]} Kh8 {[%emt 0:00:35]} 12. Be2 {[%emt 0:00:07]} Bg6 {[%emt 0:01:00]} 13. d3 {[%emt 0:00:09]} a6 {[%emt 0:00:42]} 14. Be3 {[%emt 0:00:47]} f5 {[%emt 0:00:46]} 15. exf5 {[%emt 0:00:30]} Bxf5 {[%emt 0:00:23]} 16. d4 {[%emt 0:01:31]} cxd4 {[%emt 0:00:48]} 17. cxd4 {[%emt 0:00:09]} e4 {[%emt 0:00:30]} 18. Nh2 {[%emt 0:00:10]} d5 {[%emt 0:00:18]} 19. a3 {[%emt 0:02:42]} Bf6 {[%emt 0:00:54]} 20. Qd2 {[%emt 0:00:44]} Qb6 {[%emt 0:00:42]} 21. Rad1 {[%emt 0:01:21]} Rac8 {[%emt 0:00:38]} 22. b4 {[%emt 0:00:16]} Qd8 {[%emt 0:01:40]} 23. Ng4 {[%emt 0:01:12]} Bxg4 {[%emt 0:00:49]} 24. Bxg4 {[%emt 0:00:05]} Rc7 {[%emt 0:00:21]} 25. Rc1 {[%emt 0:02:14]} Re7 {[%emt 0:01:14]} 26. a4 {[%emt 0:00:25]} Qb6 {[%emt 0:00:41]} 27. Rc5 {[%emt 0:03:35]} Qd8 {[%emt 0:02:03]} 28. b5 {[%emt 0:00:17]} axb5 {[%emt 0:01:24]} 29. axb5 {[%emt 0:00:05]} Na5 {[%emt 0:00:51]} 30. Rc8 {[%emt 0:00:17]} Qxc8 {[%emt 0:00:32]} 31. Bxc8 {[%emt 0:00:06]} Nc4 {[%emt 0:00:24]} 32. Qa2 {[%emt 0:01:14]} Rxc8 {[%emt 0:00:21]} 33. Rc1 {[%emt 0:00:13]} Rec7 {[%emt 0:00:47]} 34. Qe2 {[%emt 0:00:21]} b6 {[%emt 0:01:06]} 35. Qg4 {[%emt 0:00:47]} Rd8 {[%emt 0:00:45]} 36. Qg3 {[%emt 0:00:35]} Ra7 {[%emt 0:00:43]} 37. Bg5 {[%emt 0:00:24]} Bxg5 {[%emt 0:00:53]} 38. Qxg5 {[%emt 0:00:04]} Rdd7 {[%emt 0:00:49]} 39. Rc3 {[%emt 0:01:09]} h6 {[%emt 0:00:42]} 40. Qf5 {[%emt 0:00:20]} Kg8 {[%emt 0:01:17]} 41. Rg3 {[%emt 0:00:22]} Nd2 {[%emt 0:00:30]} 42. Qe6+ {[%emt 0:01:22]} Rf7 {[%emt 0:00:34]} 43. Qc8+ {[%emt 0:00:25]} Kh7 {[%emt 0:00:24]} 44. Qc1 {[%emt 0:00:13]} Nc4 {[%emt 0:00:23]} 45. Rg4 {[%emt 0:01:18]} Ra2 {[%emt 0:00:20]} 46. Rf4 {[%emt 0:00:47]} Rfa7 {[%emt 0:00:23]} 47. Qc3 {[%emt 0:00:23]} R7a3 {[%emt 0:00:36]} 48. Qb4 {[%emt 0:00:12]} Nd2 {[%emt 0:00:20]} 49. g3 {[%emt 0:01:35]} Nf3+ {[%emt 0:00:11]} 50. Kg2 {[%emt 0:00:48]} Ra1 {[%emt 0:00:13]} 51. Rxf3 {[%emt 0:00:10]} Rxf3 {[%emt 0:00:22]} 52. Qd2 {[%emt 0:00:15]} Ra8 {[%emt 0:00:26]} 53. Qe2 {[%emt 0:00:08]} Raf8 {[%emt 0:00:16]} 54. g4 {[%emt 0:00:16]} Rxf2+ {[%emt 0:00:25]} 55. Qxf2 {[%emt 0:00:03]} Rxf2+ {[%emt 0:00:04]} 56. Kxf2 {[%emt 0:00:02]} Kg6 {[%emt 0:00:11]} 57. h4 {[%emt 0:00:04]} h5 {[%emt 0:00:16]} 58. Kg3 {[%emt 0:00:17]} hxg4 {[%emt 0:00:09]} 59. Kxg4 {[%emt 0:00:03]} e3 {[%emt 0:00:17]} 60. Kf3 {[%emt 0:00:03]} Kh5 {[%emt 0:00:06]} 61. Kxe3 {[%emt 0:00:02]} Kxh4 {[%emt 0:00:03]} 62. Kf4 {[%emt 0:00:01]} g5+ {[%emt 0:00:08]} 63. Ke5 {[%emt 0:00:03]} g4 {[%emt 0:00:03]} 64. Kxd5 {[%emt 0:00:02]} g3 {[%emt 0:00:03]} 65. Kc6 {[%emt 0:00:01]} g2 {[%emt 0:00:03]} 66. Kxb6 {[%emt 0:00:02]} g1=Q {[%emt 0:00:05]} 67. Kc5 {[%emt 0:00:04]} Qc1+ {[%emt 0:00:07]} 68. Kd6 {[%emt 0:00:06]} Qc4 {[%emt 0:00:10]} 69. b6 {[%emt 0:00:08]} Qxd4+ {[%emt 0:00:08]} 70. Kc7 {[%emt 0:00:02]} Qe5+ {[%emt 0:00:27]} 71. Kb7 {[%emt 0:00:24]} Kg5 {[%emt 0:00:18]} 72. Kc6 {[%emt 0:00:15]} Qb8 {[%emt 0:00:07]} 73. b7 {[%emt 0:00:04]} Kf6 {[%emt 0:00:05]} 74. Kb6 {[%emt 0:00:03]} Ke7 {[%emt 0:00:04]} 75. Kc6 {[%emt 0:00:02]} Ke6 {[%emt 0:00:13]} 76. Kb6 {[%emt 0:00:04]} Kd6 {[%emt 0:00:04]} 1-0

[Event "African Online-ch Women 2021"]
[Site "Online"]
[Date "2021.02.01"]
[Round "6.3"]
[White "Wafa, Shahenda"]
[Black "Mezioud, Amina"]
[Result "0-1"]
[WhiteElo "2143"]
[BlackElo "2071"]
[Annotator "TA"]
[PlyCount "74"]
[EventDate "2021.02.01"]
[EventType "swiss"]
[EventCountry "NET"]
[SourceTitle "playchess.com"]
[Source "ChessBase"]
[SourceQuality "1"]

{[%evp 16,74,13,11,10,0,113,113,130,107,108,60,120,58,98,-43,-22,-115,-115,-114,-113,-215,-202,-322,-307,-303,-283,-271,0,-414,-428,-978,-953,-1414,29,-1012,-1003,-995,-989,-958,-431,-411,-353,-854,-812,-922,-925,-5166,-5166,-1652,-793,-29984,-29986,-29990,-29988,-29988,-29989,-29989,-5162,-29996,-1230]} 1. e4 e6 2. d4 d5 3. Nc3 Nf6 4. e5 Nfd7 5. f4 c5 6. Nf3 Nc6 7. Be3 Be7 8. Qd2 O-O 9. dxc5 Nxc5 {C11: French: Classical System: 4 e5 and 4 Bg5 dxe4.} 10. O-O-O f6 (10... Qc7 $11) 11. exf6 $1 $16 Rxf6 {[#] White is better.} 12. g4 $146 ({Predecessor:} 12. Kb1 a6 13. g4 b5 14. Bg2 Bb7 15. Bxc5 Bxc5 16. Ng5 h6 17. Nxe6 Qa5 18. Nxc5 {1-0 (28) Colucci,P (2233)-Holt,F (1508) ICCF email 2019}) 12... b6 13. Bh3 Qf8 (13... Rf8 $14) 14. Rhg1 (14. g5 $16 Rf7 15. Kb1) 14... b5 {[%cal Bb6b5,Bb5b4][%mdl 32]} 15. f5 ({But not} 15. Nxb5 $6 Ne4 $11) (15. g5 $16 Rf7 16. g6 (16. Nxb5 Ne4 $11) 16... hxg6 17. Qg2 (17. Rxg6 b4 $14) (17. Nxb5 Rb8 $15)) 15... b4 $1 $15 {[%cal Rb4c3]} 16. Nxd5 (16. Nb5 $11 {remains equal.}) 16... exd5 $17 17. Qxd5+ Kh8 {White must now prevent ...Rd6.} 18. Ng5 (18. Ne5 $17 Nxe5 19. Qxe5) 18... Bb7 $1 $19 {Threatens to win with ...Nd8.} 19. Nxh7 (19. Bxc5 {was called for.} Bxc5 20. Rge1) 19... Kxh7 20. g5 {[#]} Na5 $1 21. Qd4 {[#]} (21. gxf6 Bxd5) 21... Rxf5 (21... Ne4 $1 $19 22. gxf6 Bxf6) 22. Bxf5+ $4 {[%mdl 8192]} (22. Qh4+ $1 $11 Kg8 23. Bxc5) 22... Qxf5 23. Kb1 (23. Qg4 $142 Qxg4 24. Rxg4) 23... Be4 24. Rd2 {[#]} Rd8 $2 (24... Ncb3 $1 $19 25. axb3 Nxb3 {[%mdl 64] Double Attack} 26. g6+ Kh8) 25. Qxb4 {[%mdl 8192] This move loses the game for White.} (25. g6+ $11 Qxg6 26. Qxd8 Bxd8 27. Rxg6 Kxg6 28. Rxd8) 25... Rxd2 {[%mdl 64] Overworked Piece} 26. Qxd2 Nc4 27. g6+ Qxg6 28. Qc3 Qf7 29. Bxc5 $2 (29. Bd4 Bf8 30. Ka1) 29... Bxc5 30. Re1 Bf5 31. b3 Na3+ {[%mdl 64] Double Attack} 32. Kc1 Be7 (32... Nxc2 $142 33. Qxc5 Nxe1) 33. Rf1 Bg5+ 34. Kd1 Bg4+ {[%mdl 64] Discovered Attack} 35. Ke1 Bh4+ 36. Kd2 {[#]} Qxf1 (36... Nb1+ $142 $1 {[%mdl 512]} 37. Rxb1 Bg5+ 38. Kd3 Qf3+ 39. Kc4 Qc6+ 40. Kd3 Bf5+ 41. Kd4 Bf6+ {[%mdl 64] Skewer} 42. Ke3 Qxc3+ 43. Kf4 g5+ 44. Kxf5 Qe5+ {[%mdl 64] Double Attack} 45. Kg4 Qf4+ 46. Kh5 Qh4#) 37. Qc5 {[#]} Qf2+ {Weighted Error Value: White=1.67/Black=1.06} (37... Bf6 $142 $1 38. Qf5+ (38. Qh5+ Bxh5) 38... Qxf5 39. Ke3 Bc3 40. h4 Nxc2#) 0-1

[Event "African Online-ch Women 2021"]
[Site "Online"]
[Date "2021.02.01"]
[Round "6.4"]
[White "Shaba, Linda Dalitso"]
[Black "Moaataz, Ayah"]
[Result "1/2-1/2"]
[WhiteElo "1603"]
[BlackElo "2028"]
[Annotator "TA"]
[PlyCount "99"]
[EventDate "2021.02.01"]
[EventType "swiss"]
[EventCountry "NET"]
[SourceTitle "playchess.com"]
[Source "ChessBase"]
[SourceQuality "1"]

{[%evp 10,99,21,14,57,8,7,2,25,39,41,9,39,39,39,33,31,33,56,60,50,51,62,30,28,27,32,0,0,0,0,-4,63,0,0,0,55,55,111,110,101,0,0,0,0,-13,-4,-4,0,-19,-19,-60,-60,-60,-10,-60,-60,-60,-60,-60,-60,-60,-60,-60,-60,-60,-52,-60,-56,-56,-28,-28,-28,-35,-32,-22,0,0,0,0,0,0,0,0,0,0,0,0,0,0,0,0]} 1. d4 d5 2. c4 e6 3. Nf3 Nf6 4. g3 c6 5. Bg2 Bd6 6. O-O Ne4 {E01: Catalan: Early deviations.} 7. cxd5 exd5 8. Nc3 {[#]} Nxc3 $146 ({Predecessor:} 8... f5 9. Ne5 Qe7 10. Nd3 O-O 11. f3 Nxc3 12. bxc3 Nd7 13. a4 b6 14. Re1 Nf6 15. Nf2 Qc7 16. Ba3 Bxa3 {½-½ (16) Eickhoff,H (2030)-Vetter,T (2039) Verden 2010}) 9. bxc3 O-O 10. Bg5 Be7 11. Bxe7 Qxe7 12. Qc2 Nd7 13. c4 Nb6 14. cxd5 cxd5 15. Ne5 Be6 16. a4 Rac8 17. Qb3 Nc4 {next ...Nd2 is good for Black.} 18. Nxc4 Rxc4 19. e3 Rfc8 20. Qb5 h5 (20... Rb4 $11 21. Qe2 Qd7) 21. h4 ({White should try} 21. Bxd5 $14 Bxd5 22. Qxd5) 21... Rb4 22. Qe2 Bg4 (22... g6 $11) 23. Qa2 $14 Rbc4 ({Better is} 23... Rcc4 $14) 24. Bxd5 $16 Rc2 {[#]} 25. Qb3 (25. Qa3 $1 $16 {[%cal Ra3e7]} Qd7 26. Be4) 25... Bh3 $1 $36 {[%mdl 2048] White is under pressure.} 26. Qxb7 R2c7 27. Qb5 {Rfe1 is the strong threat.} Bxf1 28. Rxf1 Qf6 29. Qe2 (29. Bg2 {with more complications.} g6 30. Bh3 Rd8 31. Bg2 Rdc8) 29... g6 30. Qf3 Qxf3 31. Bxf3 $15 {[%mdl 4096] Endgame KRR-KRB} Rc2 32. a5 Ra2 {[%mdl 1024] Black has compensation.} 33. a6 Rcc2 ({But not} 33... Rxa6 $2 34. Bb7 $18) 34. Bb7 Kf8 35. Kg2 Ke7 36. Kf3 Kd6 37. Kg2 Rc3 {Threatens to win with ...Rxe3.} 38. Kg1 f6 39. Rb1 Rac2 (39... Rcc2 {keeps more tension.} 40. Rf1 f5 41. Kg2 Rd2 42. Kg1 Re2) 40. Be4 Rc1+ 41. Rxc1 Rxc1+ $11 {KR-KB} 42. Kg2 f5 {The position is equal.} 43. Bb7 Rc2 44. Kf3 Rb2 45. Kg2 Kc7 46. Kf3 Kb8 47. Bd5 Kc7 48. Bb7 Kd6 49. Kg2 Kc7 50. Kf3 {Weighted Error Value: White=0.13/Black=0.13} 1/2-1/2

[Event "African Online-ch Women 2021"]
[Site "Online"]
[Date "2021.02.01"]
[Round "6.5"]
[White "Rodriguez Guevara, Celia M."]
[Black "Shah, Riya"]
[Result "0-1"]
[WhiteElo "1849"]
[BlackElo "1559"]
[Annotator "NA RC"]
[PlyCount "152"]
[EventDate "2021.02.01"]
[EventType "swiss"]
[EventCountry "NET"]
[SourceTitle "playchess.com"]
[Source "ChessBase"]
[SourceQuality "1"]
[TimeControl "1500+10"]

1. e4 {[%emt 0:00:00]} e5 {[%emt 0:00:03]} 2. Nf3 {[%emt 0:00:05]} Nc6 {[%emt 0:00:02]} 3. Bc4 {[%emt 0:00:06]} Nd4 {[%emt 0:00:03]} 4. O-O {[%emt 0:01:04]} Nxf3+ {[%emt 0:00:59]} 5. Qxf3 {[%emt 0:00:08]} Nf6 {[%emt 0:00:35]} 6. h3 {[%emt 0:00:44]} Be7 {[%emt 0:00:52]} 7. d3 {[%emt 0:01:50]} d6 {[%emt 0:00:33]} 8. Qg3 {[%emt 0:01:09]} Nh5 {[%emt 0:02:57]} 9. Qf3 {[%emt 0:00:24]} Nf6 {[%emt 0:00:03]} 10. Nc3 {[%emt 0:00:04]} Be6 {[%emt 0:00:20]} 11. Bb3 {[%emt 0:00:10]} c6 {[%emt 0:00:26]} 12. Re1 {[%emt 0:00:20]} Qd7 {[%emt 0:00:43]} 13. Be3 {[%emt 0:00:39]} d5 {[%emt 0:02:32]} 14. exd5 {[%emt 0:00:19]} Nxd5 {[%emt 0:00:20]} 15. Bd2 {[%emt 0:04:01]} Bf6 {[%emt 0:01:20]} 16. Ne4 {[%emt 0:00:42]} b6 {[%emt 0:02:15]} 17. c4 {[%emt 0:04:11]} Ne7 {[%emt 0:03:06]} 18. Nxf6+ {[%emt 0:02:41]} gxf6 {[%emt 0:00:04]} 19. Qxf6 {[%emt 0:00:02]} Rg8 {[%emt 0:00:09]} 20. Kh2 {[%emt 0:00:08]} O-O-O {[%emt 0:02:46]} 21. Qxe5 {[%emt 0:02:16]} Ng6 {[%emt 0:02:35]} 22. Qg3 {[%emt 0:02:00]} Qxd3 {[%emt 0:00:18]} 23. Qxd3 {[%emt 0:02:10]} Rxd3 {[%emt 0:00:06]} 24. Rad1 {[%emt 0:00:12]} Nh4 {[%emt 0:01:12]} 25. Be3 {[%emt 0:03:07]} Rxd1 {[%emt 0:01:22]} 26. Bxd1 {[%emt 0:00:26]} Rxg2+ {[%emt 0:00:55]} 27. Kh1 {[%emt 0:00:03]} Bxc4 {[%emt 0:00:35]} 28. Bd4 {[%emt 0:00:24]} Bd5 {[%emt 0:00:30]} 29. f3 {[%emt 0:00:05]} Rd2 {[%emt 0:00:51]} 30. Bf6 {[%emt 0:00:03]} Nxf3 {[%emt 0:00:19]} 31. Re8+ {[%emt 0:00:05]} Kd7 {[%emt 0:00:28]} 32. Re7+ {[%emt 0:00:01]} Kc8 {[%emt 0:00:05]} 33. Bxf3 {[%emt 0:00:04]} Bxf3+ {[%emt 0:00:03]} 34. Kg1 {[%emt 0:00:01]} Bd5 {[%emt 0:00:10]} 35. a3 {[%emt 0:00:03]} Rd3 {[%emt 0:00:03]} 36. Rxa7 {[%emt 0:00:04]} Rxh3 {[%emt 0:00:08]} 37. Ra8+ {[%emt 0:00:05]} Kb7 {[%emt 0:00:03]} 38. Re8 {[%emt 0:00:04]} Rg3+ {[%emt 0:00:08]} 39. Kf2 {[%emt 0:00:05]} Rg6 {[%emt 0:00:01]} 40. Re7+ {[%emt 0:00:02]} Ka6 {[%emt 0:00:03]} 41. Be5 {[%emt 0:00:02]} Re6 {[%emt 0:00:03]} 42. Rxe6 {[%emt 0:00:04]} Bxe6 {[%emt 0:00:01]} 43. Kg3 {[%emt 0:00:02]} Kb5 {[%emt 0:00:02]} 44. Kh4 {[%emt 0:00:03]} Bf5 {[%emt 0:00:02]} 45. Kg5 {[%emt 0:00:02]} Bg6 {[%emt 0:00:01]} 46. Kf4 {[%emt 0:00:04]} Kc4 {[%emt 0:00:02]} 47. Bf6 {[%emt 0:00:02]} b5 {[%emt 0:00:02]} 48. Ke3 {[%emt 0:00:04]} c5 {[%emt 0:00:02]} 49. Bg5 {[%emt 0:00:05]} b4 {[%emt 0:00:01]} 50. axb4 {[%emt 0:00:05]} cxb4 {[%emt 0:00:03]} 51. Kd2 {[%emt 0:00:04]} Kb3 {[%emt 0:00:03]} 52. Kc1 {[%emt 0:00:06]} Kc4 {[%emt 0:00:03]} 53. Kd2 {[%emt 0:00:04]} b3 {[%emt 0:00:01]} 54. Bh6 {[%emt 0:00:07]} Kd5 {[%emt 0:00:02]} 55. Bg7 {[%emt 0:00:03]} Ke4 {[%emt 0:00:02]} 56. Kc3 {[%emt 0:00:05]} f5 {[%emt 0:00:02]} 57. Kxb3 {[%emt 0:00:03]} f4 {[%emt 0:00:02]} 58. Kc3 {[%emt 0:00:01]} f3 {[%emt 0:00:05]} 59. Bd4 {[%emt 0:00:05]} Bf7 {[%emt 0:00:02]} 60. b4 {[%emt 0:00:04]} Be8 {[%emt 0:00:02]} 61. Kc4 {[%emt 0:00:06]} h5 {[%emt 0:00:02]} 62. Bf2 {[%emt 0:00:02]} Kf4 {[%emt 0:00:03]} 63. b5 {[%emt 0:00:02]} Bxb5+ {[%emt 0:00:02]} 64. Kxb5 {[%emt 0:00:02]} Kg4 {[%emt 0:00:01]} 65. Kc4 {[%emt 0:00:02]} h4 {[%emt 0:00:02]} 66. Bxh4 {[%emt 0:00:17]} Kxh4 {[%emt 0:00:02]} 67. Kd3 {[%emt 0:00:03]} Kg3 {[%emt 0:00:01]} 68. Ke3 {[%emt 0:00:05]} Kg2 {[%emt 0:00:02]} 69. Kd2 {[%emt 0:00:41]} f2 {[%emt 0:00:02]} 70. Ke3 {[%emt 0:00:03]} f1=Q {[%emt 0:00:03]} 71. Kd2 {[%emt 0:00:02]} Kf3 {[%emt 0:00:03]} 72. Kc3 {[%emt 0:00:02]} Ke3 {[%emt 0:00:02]} 73. Kc2 {[%emt 0:00:02]} Qd3+ {[%emt 0:00:05]} 74. Kb2 {[%emt 0:00:03]} Kd4 {[%emt 0:00:04]} 75. Kc1 {[%emt 0:00:02]} Qe2 {[%emt 0:00:01]} 76. Kb1 {[%emt 0:00:02]} Kc3 {[%emt 0:00:03]} 0-1

[Event "African Online-ch Women 2021"]
[Site "Online"]
[Date "2021.02.01"]
[Round "6.6"]
[White "Latreche, Khadidja"]
[Black "Wanjiru, Lucy"]
[Result "1-0"]
[WhiteElo "1900"]
[BlackElo "1623"]
[Annotator "TA"]
[PlyCount "75"]
[EventDate "2021.02.01"]
[EventType "swiss"]
[EventCountry "NET"]
[SourceTitle "playchess.com"]
[Source "ChessBase"]
[SourceQuality "1"]

{[%evp 12,75,8,11,27,29,29,36,47,45,54,23,44,43,50,-7,0,-102,-110,-123,-101,-119,-92,-142,-129,-131,-95,-131,-74,-84,-72,-130,-108,-125,-106,-105,-72,-109,260,261,270,96,460,431,527,159,131,154,604,454,468,444,632,616,1011,727,976,966,5522,5522,29988,29989,6097,1028,1171,1157]} 1. e4 e5 2. Nf3 Nc6 3. d4 exd4 4. Nxd4 Bc5 5. Nb3 Bb6 6. Nc3 d6 7. Qe2 Nf6 {7...a5 is becoming the main line. C45: Scotch Game.} 8. Be3 Qe7 9. f3 Bd7 {White is slightly better.} 10. O-O-O O-O-O {[#]} 11. g4 $146 ({Predecessor:} 11. a3 Be6 12. Nd4 Nxd4 13. Bxd4 Bxd4 14. Rxd4 Nd7 15. Nd5 Bxd5 16. Rxd5 Nb6 17. Rd3 {0-1 (54) Kienboeck,B (1922)-Katter,K (1930) Playchess.com INT 2020}) 11... h6 12. Bxb6 axb6 13. Qf2 ({White should try} 13. Qd2 $14) 13... Qe5 $11 14. Bc4 (14. h4 $11 {keeps the balance.}) 14... Qf4+ $1 $17 15. Rd2 Ne5 {[%mdl 64] Double Attack} 16. Be2 Nexg4 17. Qd4 Ne5 ({And not} 17... Nxh2 18. Nd5 $14) 18. Rf1 Nc6 19. Qc4 Be6 (19... Rhe8 $142 20. Qa4 Kb8) 20. Qa4 Kd7 ({Wrong is} 20... Qxh2 $2 21. Qa8+ Nb8 22. Ba6 $1 $18) 21. Qb5 (21. Bb5 $142 Ra8 22. Qd4) 21... Ke7 22. Bc4 Ne5 23. Bxe6 fxe6 24. Nd4 Ra8 $2 {[%mdl 8192]} ({Inferior is} 24... c5 25. Nde2 $16) (24... d5 $1 $17 {keeps the pressure on. And now ...Nc4 would win.} 25. exd5 Nxd5) 25. Qb3 $18 d5 {[#] Threatens to win with ...Nc4.} 26. exd5 $2 (26. Nce2 $1 $18 {[%cal Re2f4] is the precise move to win.} Qxh2 27. exd5) 26... exd5 $2 {[%mdl 8192]} (26... Nd3+ $16 {is a better chance.} 27. cxd3 Qxd4) 27. Re1 c6 28. Rxe5+ $2 Qxe5 $16 {[#]} 29. Re2 $1 $36 {[%cal Re2e5][%mdl 2048] Black is under strong pressure.} Qxe2 (29... Ne4 $16 30. Qxb6 Qg5+ 31. Kd1 Rhd8) 30. Ndxe2 b5 31. Qb4+ Kd7 (31... Kf7 $142 32. a4 Rhd8 33. axb5 cxb5 34. Qxb5 Rd7) 32. a4 $18 bxa4 33. Nxa4 Kc7 34. Qb6+ Kc8 35. Nc5 {White wants to mate with Nd4.} Rb8 36. Ne6 {[%csl Ge6][%cal Rb6c7]} Kd7 37. N2d4 (37. Qc7+ $142 Ke8 38. Nxg7+ Kf8 39. Ne6+ Ke8 40. Qxb8+ Ke7 41. Qc7+ Nd7 42. Nc5) 37... Ne8 38. Nc5+ {[%mdl 64] Double Attack.  Weighted Error Value: White=0.48/Black=1.04} 1-0

[Event "African Online-ch Women 2021"]
[Site "Online"]
[Date "2021.02.01"]
[Round "6.7"]
[White "Joao, Delfina"]
[Black "Miladi, Amen"]
[Result "0-1"]
[WhiteElo "1727"]
[BlackElo "1802"]
[Annotator "NA RC"]
[PlyCount "88"]
[EventDate "2021.02.01"]
[EventType "swiss"]
[EventCountry "NET"]
[SourceTitle "playchess.com"]
[Source "ChessBase"]
[SourceQuality "1"]
[TimeControl "1500+10"]

1. e4 {[%emt 0:00:00]} c5 {[%emt 0:00:03]} 2. f4 {[%emt 0:00:06]} e6 {[%emt 0:00:08]} 3. Nf3 {[%emt 0:00:18]} d5 {[%emt 0:00:08]} 4. e5 {[%emt 0:00:46]} a6 {[%emt 0:00:11]} 5. c3 {[%emt 0:00:20]} Nc6 {[%emt 0:00:04]} 6. d4 {[%emt 0:00:05]} b5 {[%emt 0:00:19]} 7. Be3 {[%emt 0:00:15]} cxd4 {[%emt 0:00:47]} 8. cxd4 {[%emt 0:00:09]} Bb7 {[%emt 0:00:11]} 9. g3 {[%emt 0:00:24]} Nge7 {[%emt 0:00:14]} 10. Bg2 {[%emt 0:00:11]} Nf5 {[%emt 0:00:08]} 11. Bf2 {[%emt 0:00:05]} h5 {[%emt 0:01:10]} 12. Nc3 {[%emt 0:00:56]} Be7 {[%emt 0:01:07]} 13. Qd2 {[%emt 0:01:56]} Na5 {[%emt 0:00:47]} 14. Qd3 {[%emt 0:04:03]} Nc4 {[%emt 0:02:08]} 15. b3 {[%emt 0:00:40]} Na5 {[%emt 0:00:45]} 16. h4 {[%emt 0:01:34]} Rc8 {[%emt 0:01:08]} 17. O-O {[%emt 0:00:16]} Nc6 {[%emt 0:01:44]} 18. Rac1 {[%emt 0:01:00]} Ba3 {[%emt 0:01:03]} 19. Rb1 {[%emt 0:00:22]} Nb4 {[%emt 0:00:43]} 20. Qd2 {[%emt 0:00:23]} Qc7 {[%emt 0:00:24]} 21. Ne2 {[%emt 0:10:03]} Qc2 {[%emt 0:00:38]} 22. Be1 {[%emt 0:00:54]} Qxd2 {[%emt 0:00:57]} 23. Bxd2 {[%emt 0:00:08]} Nc2 {[%emt 0:01:06]} 24. Bc1 {[%emt 0:00:35]} Bb4 {[%emt 0:01:16]} 25. Rd1 {[%emt 0:00:26]} Nce3 {[%emt 0:01:00]} 26. Bxe3 {[%emt 0:00:31]} Nxe3 {[%emt 0:00:04]} 27. Rdc1 {[%emt 0:00:04]} O-O {[%emt 0:00:16]} 28. Kf2 {[%emt 0:00:04]} Nxg2 {[%emt 0:00:12]} 29. Kxg2 {[%emt 0:00:02]} Ba3 {[%emt 0:00:25]} 30. Rd1 {[%emt 0:00:52]} Rc2 {[%emt 0:00:22]} 31. Rd2 {[%emt 0:00:36]} Rxd2 {[%emt 0:00:11]} 32. Nxd2 {[%emt 0:00:04]} Rc8 {[%emt 0:00:03]} 33. Kf2 {[%emt 0:00:57]} Rc2 {[%emt 0:00:08]} 34. Ke3 {[%emt 0:00:06]} Bb4 {[%emt 0:00:46]} 35. Rd1 {[%emt 0:00:33]} Rxa2 {[%emt 0:01:19]} 36. Nc1 {[%emt 0:00:55]} Rc2 {[%emt 0:00:19]} 37. Ke2 {[%emt 0:00:16]} Bxd2 {[%emt 0:00:08]} 38. Rxd2 {[%emt 0:00:08]} Rxc1 {[%emt 0:00:02]} 39. Kd3 {[%emt 0:00:06]} Rg1 {[%emt 0:00:05]} 40. Re2 {[%emt 0:00:07]} Rxg3+ {[%emt 0:00:02]} 41. Re3 {[%emt 0:00:15]} Rg4 {[%emt 0:00:02]} 42. Re2 {[%emt 0:00:15]} Rxh4 {[%emt 0:00:03]} 43. Rc2 {[%emt 0:00:03]} Rh3+ {[%emt 0:00:13]} 44. Kd2 {[%emt 0:00:08]} Rh2+ {[%emt 0:00:01]} 0-1